| 000 | 00582nam a2200217Ia 4500 | ||
|---|---|---|---|
| 005 | 20260429111922.0 | ||
| 008 | 260429s9999||||xx |||||||||||||| ||und|| | ||
| 020 | _a9781319546700 | ||
| 041 | _aEnglish | ||
| 082 |
_a576.5 _bPIE |
||
| 100 | _aPierce, Benjamin A. | ||
| 245 | 0 |
_aGenetics : _ba conceptual approach / _cBenjamin A. Pierce |
|
| 250 | _a7th ed. | ||
| 260 |
_aNew York : _bMacmillan Learning, _c2024. |
||
| 300 | _axxv, 823, E28 p.; pbk | ||
| 650 | _a Heredity | ||
| 650 | _a Life sciences | ||
| 650 | _a Molecular biology | ||
| 650 | _aGenetics | ||
| 942 | _cTB | ||
| 999 |
_c51429 _d51429 |
||